[Event "Barcelona Sant Marti op 11th"]
[Site "Barcelona"]
[Date "2024.02.22"]
[Round "7"]
[White "Coll Granell, Jorge"]
[Black "Majoral Marco, Javier"]
[Result "1-0"]
[WhiteElo "1639"]
[BlackElo "1357"]
[PlyCount "57"]
[EventDate "2024.01.11"]
[EventType "swiss"]
[EventRounds "9"]
[EventCountry "ESP"]
[SourceTitle "CB11_2024"]
[SourceDate "2024.03.13"]
[SourceVersion "1"]
[SourceVersionDate "2024.03.13"]
[SourceQuality "1"]

1. e4 e6 2. d4 d5 3. e5 c5 4. c3 Nc6 5. Nf3 Qb6 6. Bd3 Bd7 7. dxc5 Qc7 8. 0-0 Nxe5 9. Nxe5 Qxe5 10. Re1 Qf6 11. Be3 e5 12. Bd4 Be7 13. Bxe5 Qg5 14. Na3 a6 15. b4 Kf8 16. Nc2 f6 17. Bg3 f5 18. Nd4 f4 19. Qf3 Bd6 20. cxd6 Nf6 21. Bxf4 Qh4 22. Bg3 Qg5 23. Ne6+ Bxe6 24. Rxe6 Kg8 25. Rae1 Qd2 26. Bh4 Ne4 27. R6xe4 dxe4 28. Qxe4 Rf8 29. Bc4+ 1-0

[Event "Barcelona Sant Marti op 11th"]
[Site "Barcelona"]
[Date "2024.02.08"]
[Round "5"]
[White "Garcia Garrido, Ferran"]
[Black "Majoral Marco, Javier"]
[Result "1/2-1/2"]
[WhiteElo "1681"]
[BlackElo "1357"]
[PlyCount "56"]
[EventDate "2024.01.11"]
[EventType "swiss"]
[EventRounds "9"]
[EventCountry "ESP"]
[SourceTitle "CB11_2024"]
[SourceDate "2024.03.13"]
[SourceVersion "1"]
[SourceVersionDate "2024.03.13"]
[SourceQuality "1"]

1. d4 Nf6 2. c4 e5 3. dxe5 Ng4 4. e4 Nxe5 5. a3 a5 6. f4 Ng6 7. Be3 Qh4+ 8. g3 Qd8 9. Bg2 d6 10. Nc3 c6 11. Qe2 h5 12. h3 f5 13. Bf3 h4 14. g4 fxg4 15. Bxg4 Be7 16. Bh5 Rxh5 17. Qxh5 Kd7 18. Qxg6 a4 19. 0-0-0 Qg8 20. Nf3 Kc7 21. Rh2 Nd7 22. Rc2 Ra5 23. Qg1 Kb8 24. Qf1 Qf8 25. Bd2 Nc5 26. Nd4 Nb3+ 27. Kb1 Nxd4 28. Rcc1 Nb3 1/2-1/2

[Event "Barcelona Sant Marti op 11th"]
[Site "Barcelona"]
[Date "2024.01.18"]
[Round "2"]
[White "Majoral Marco, Javier"]
[Black "Rios Berral, Javier"]
[Result "1-0"]
[WhiteElo "1357"]
[BlackElo "1732"]
[PlyCount "61"]
[EventDate "2024.01.11"]
[EventType "swiss"]
[EventRounds "9"]
[EventCountry "ESP"]
[SourceTitle "CB11_2024"]
[SourceDate "2024.03.13"]
[SourceVersion "1"]
[SourceVersionDate "2024.03.13"]
[SourceQuality "1"]

1. e4 c5 2. d4 cxd4 3. c3 dxc3 4. Nxc3 Nc6 5. Bc4 e6 6. Nf3 Qc7 7. 0-0 Nf6 8. Nb5 Qb8 9. e5 Nxe5 10. Nxe5 Qxe5 11. Re1 Qc5 12. Bf1 d5 13. Be3 Qe7 14. Rc1 Kd8 15. Nc7 Qxc7 16. Rxc7 Kxc7 17. Qc2+ Kd8 18. Bf4 Bd7 19. Qc7+ Ke8 20. Qxb7 Rc8 21. Rc1 Bc5 22. b4 Bxf2+ 23. Kxf2 Rxc1 24. Bxc1 Ke7 25. Qxa7 Rc8 26. Ba3 Rc2+ 27. Kg1 e5 28. b5+ Ke6 29. b6 Bc6 30. Qe7+ Kf5 31. Bd3+ 1-0

[Event "Barcelona Sant Marti op-B 23rd"]
[Site "Barcelona"]
[Date "2023.07.14"]
[Round "2"]
[White "Torres Teruel, Joan"]
[Black "Majoral Marco, Javier"]
[Result "1-0"]
[WhiteElo "1701"]
[BlackElo "1331"]
[PlyCount "51"]
[EventDate "2023.07.13"]
[EventType "swiss"]
[EventRounds "9"]
[EventCountry "ESP"]
[SourceTitle "CBM 215 Extra"]
[Source "ChessBase"]
[SourceDate "2023.09.30"]
[SourceVersion "1"]
[SourceVersionDate "2023.09.30"]
[SourceQuality "1"]

1. d4 Nf6 2. c4 e5 3. dxe5 Ne4 4. Nf3 b6 5. a3 Bb7 6. Nc3 Nxc3 7. bxc3 Bxf3 8. exf3 Qe7 9. f4 Qe6 10. Bd3 f5 11. 0-0 Be7 12. Qe2 Nc6 13. Be3 Na5 14. Qf3 Rb8 15. c5 Nb3 16. cxb6 axb6 17. Rab1 Bc5 18. Bxf5 Nd2 19. Qh5+ g6 20. Bxe6 gxh5 21. Bxd7+ Kxd7 22. Rfd1 Ke7 23. Rxd2 Rhd8 24. Rbd1 Bxa3 25. f5 Bb2 26. Bg5+ 1-0